Los defensores (Record no. 136986)

MARC details
000 -LEADER
campo de control de longitud fija 00581nam a2200181 4500
001 - NÚMERO DE CONTROL
campo de control 136986
003 - IDENTIFICADOR DE NÚMERO DE CONTROL
campo de control ES-MaACL
005 - FECHA Y HORA DE LA ÚLTIMA TRANSACCIÓN
campo de control 20240223063031.0
007 - CAMPO FIJO DE DESCRIPCIÓN FÍSICA--INFORMACIÓN GENERAL
campo de control de longitud fija t|
008 - DATOS DE LONGITUD FIJA--INFORMACIÓN GENERAL
campo de control de longitud fija 070214s1963 sp r ||||1| spa d
100 0# - ENTRADA PRINCIPAL--NOMBRE DE PERSONA
Nombre de persona Saint-Paulien,
Fechas asociadas al nombre 1910-2000
9 (RLIN) 101548
245 14 - MENCIÓN DEL TÍTULO
Título Los defensores
Resto del título : novela /
Mención de responsabilidad, etc. Saint-Paulien ; traducción del francés por María Marcela Sánchez.
260 ## - PUBLICACIÓN, DISTRIBUCIÓN, ETC.
Lugar de publicación, distribución, etc. Barcelona :
Nombre del editor, distribuidor, etc. Planeta,
Fecha de publicación, distribución, etc. 1963.
300 ## - DESCRIPCIÓN FÍSICA
Extensión 336 p. ;
Dimensiones 24 cm.
700 1# - ENTRADA AGREGADA--NOMBRE PERSONAL
Nombre de persona Sánchez, María Marcela.
9 (RLIN) 102408
852 ## - LOCALIZACIÓN
Ubicación ES-MaACL
Número de control de estantería C-23904
Sublocalización o colección R.52557
Holdings
Estatus retirado Estado de pérdida Estado de daño No para préstamo Biblioteca de origen Biblioteca actual Ubicación en estantería Fecha de adquisición Fuente de adquisición Total de préstamos Signatura topográfica completa Código de barras Visto por última vez Precio de reemplazo Tipo de ítem Koha
        Biblioteca del Ateneo de Madrid Biblioteca del Ateneo de Madrid Depósito 2 17/01/2008     C-23904 1142558 23/02/2023 23/02/2023 Libro impreso